000 00344 a2200169 4500
001 169725
020 _a978-85-08-10712-4
040 _cMagnum
100 _aSabino, Fernando
240 1 0 _aMartini seco
_lpor
245 1 0 _aMartini seco
300 _a85
362 0 _a2008
440 1 _aÁtica
697 _aLITERATURA GERAL
942 _cBK
999 _c169725
_d169725